Régimen jurídico del cheque (Registro nro. 3885)

Detalles MARC
000 -LEADER
fixed length control field 01241 a2200253 4500
001 - CONTROL NUMBER
control field 45034
005 - DATE AND TIME OF LATEST TRANSACTION
control field 20260407155725.0
008 - FIXED-LENGTH DATA ELEMENTS--GENERAL INFORMATION
fixed length control field 260407a1999 arg spa d
003 - CONTROL NUMBER IDENTIFIER
control field AR-UNSa-BCEJYS
040 ## - CATALOGING SOURCE
Original cataloging agency AR-UNSa-BCEJYS
Language of cataloging spa
Transcribing agency AR-UNSa-BCEJYS
080 ## - UNIVERSAL DECIMAL CLASSIFICATION NUMBER
Universal Decimal Classification number 347.748
Common auxiliary subdivision Cheques. Cheques cruzados. Cámaras de compensación
020 ## - INTERNATIONAL STANDARD BOOK NUMBER
International Standard Book Number 950-572-483-7
041 ## - LANGUAGE CODE
Language code of text/sound track or separate title spa
100 1# - MAIN ENTRY--PERSONAL NAME
Personal name Butty, Enrique M.
245 10 - TITLE STATEMENT
Title Régimen jurídico del cheque
264 #1 - PRODUCTION, PUBLICATION, DISTRIBUTION, MANUFACTURE, AND COPYRIGHT NOTICE
Place of production, publication, distribution, manufacture Buenos Aires :
Name of producer, publisher, distributor, manufacturer Víctor P. de Zavalía
Date of production, publication, distribution, manufacture, or copyright notice 1999
300 ## - PHYSICAL DESCRIPTION
Extent 322 p.
Dimensions 23 cm.
505 ## - FORMATTED CONTENTS NOTE
Formatted contents note 1. Concepto y naturaleza jurídica – 2. Elementos formales del cheque – 3. Elementos de fondo – 4. De la emisión y circulación del cheque – 5. De la presentación y del pago – 6. Del recurso por falta de pago – 7. Cheques cruzados, de contabilidad e imputados – 8. Cheques certificados 9. Cheques de viajero – 10. Prescripción. Disposiciones supletorias – 11. El aval en el cheque – 12. El cheque de pago diferido -
590 ## - LOCAL NOTE (RLIN)
Local note niveau_biblio:m niveau_hierar:0
700 1# - ADDED ENTRY--PERSONAL NAME
Personal name Fontanarrosa, Rodolfo O.
700 1# - ADDED ENTRY--PERSONAL NAME
Personal name Monti, José Luis
856 41 - ELECTRONIC LOCATION AND ACCESS
Uniform Resource Identifier <a href="https://www.biblioeco.unsa.edu.ar/pmb/images/libros/L117064.jpg">https://www.biblioeco.unsa.edu.ar/pmb/images/libros/L117064.jpg</a>
Link text Imagen de portada
Electronic format type image/jpeg
942 ## - ADDED ENTRY ELEMENTS (KOHA)
Koha item type
Existencias
Withdrawn status Lost status Damaged status Not for loan Home library Current library Shelving location Date acquired Total checkouts Full call number Barcode Date last seen Price effective from Koha item type
        Biblioteca Prof. Eusebio Cleto del Rey Biblioteca Prof. Eusebio Cleto del Rey   07/04/2026   347.748 F677 L117065 07/04/2026 07/04/2026 Libro
        Biblioteca Prof. Eusebio Cleto del Rey Biblioteca Prof. Eusebio Cleto del Rey   07/04/2026   347.748 F677 L117061 07/04/2026 07/04/2026 Libro
        Biblioteca Prof. Eusebio Cleto del Rey Biblioteca Prof. Eusebio Cleto del Rey   07/04/2026   347.748 F677 L117064 07/04/2026 07/04/2026 Libro
        Biblioteca Prof. Eusebio Cleto del Rey Biblioteca Prof. Eusebio Cleto del Rey   07/04/2026   347.748 F677 L117062 07/04/2026 07/04/2026 Libro
        Biblioteca Prof. Eusebio Cleto del Rey Biblioteca Prof. Eusebio Cleto del Rey   07/04/2026   347.748 F677 L117063 07/04/2026 07/04/2026 Libro